书目信息 |
| 题名: |
中华神秘文化辞典
|
|
| 作者: | 吴康 主编 | |
| 分册: | ||
| 出版信息: | 海口 海南出版社 1993 |
|
| 页数: | 42,822页 | |
| 开本: | 19cm | |
| 丛书名: | ||
| 单 册: | ||
| 中图分类: | B929.2-61 , B-61 | |
| 科图分类: | ||
| 主题词: | 宗教文化--中国--词典 , CT--S099447--宗教文化 , 哲学 | |
| 电子资源: | ||
| ISBN: | 7-80590-321-2 | |
| 000 | 00750nam0 2200253 450 | |
| 001 | 1555158158 | |
| 005 | 20150127214510.18 | |
| 010 | @a7-80590-321-2@dCNY40.00 | |
| 100 | @a19931112d1993 em y0chiy0110 ea | |
| 101 | 0 | @achi |
| 102 | @aCN@b460000 | |
| 105 | @ay e 000yy | |
| 200 | 1 | @a中华神秘文化辞典@9zhong hua shen mi wen hua ci dian@f吴 康主编 |
| 210 | @a海口@c海南出版社@d1993 | |
| 215 | @a42,822页@d19cm | |
| 330 | @a本辞典共列条目2200条,分为宗教、神鬼、术数3篇,并对每一条目进行释义、简述和引证。 | |
| 606 | 0 | @a宗教文化@y中国@x词典 |
| 606 | 0 | @2CT@3S099447@a宗教文化 |
| 606 | 0 | @a哲学 |
| 690 | @aB929.2-61@v三版 | |
| 690 | @aB-61@v4 | |
| 701 | 0 | @a吴康@9wu kang@4主编 |
| 801 | 0 | @aCN@bTSSF@c20150127 |
| 905 | @aZUCC@dB-61@eJY16 | |
| 中华神秘文化辞典/吴 康主编.-海口:海南出版社,1993 |
| 42,822页;19cm |
| ISBN 7-80590-321-2:CNY40.00 |
| 本辞典共列条目2200条,分为宗教、神鬼、术数3篇,并对每一条目进行释义、简述和引证。 |
| ● |
| 相关链接 |
|
|
|
|
正题名:中华神秘文化辞典
索取号:B-61/JY16
 
预约/预借
| 序号 | 登录号 | 条形码 | 馆藏地/架位号 | 状态 | 备注 |
| 1 | 7835125 | 278351258 | 学院路分馆/ [索取号:B-61/JY16] | 在馆 |